| 000 | 00566nam a2200193Ia 4500 | ||
|---|---|---|---|
| 003 | IN-BaIIA | ||
| 008 | 211028s9999 xx 000 0 eng d | ||
| 040 | _cIIA Library | ||
| 080 |
_a517.91 _bBOY |
||
| 100 |
_aBoyce, W. E. _99837 |
||
| 245 | 0 |
_aElementary differential equations and boundary value problems _cWilliam E. Boyce and Richard C. Di Prima. |
|
| 250 | _a3rd ed. | ||
| 260 |
_aNew York _bJohn Wiley & Sons |
||
| 300 | _axiv, 582p. | ||
| 650 |
_aDifferential Equations _91510 |
||
| 650 | _aNASA Thesaurus | ||
| 700 |
_aDiprima, R. C. _99838 |
||
| 942 | _cBK | ||
| 999 |
_c5671 _d5671 |
||